000 00470nam a2200193Ia 4500
008 160901s9999 xx 000 0 und d
020 _a978-3-8228-4055-9
050 _aComSc TK 5105.888
050 _b.W43
245 _aWeb design :
245 _be - commerce /
245 _cEdited by Julius Wiedemann.
260 _aLondon :
260 _bTaschen.,
300 _a191 pages :
300 _bcol. ill. ;
300 _c20 cm.
650 _aWeb sites -- Design.
999 _c300912
_d300912